000
00307nam a2200097Ia 4500
082
_a
344.35068 CORR
245
0
_a
Correctional Services Act 111 of 1998 & regulations and related material
100
_a
South Africa Cape Town, 2011
_9
42088
942
_c
BK
008
210817s9999 xx 000 0 und d
999
_c
143360
_d
143359